[Event "IMSA World Masters Rapid"]
[Site "Hengshui CHN"]
[Date "2019.05.15"]
[Round "7.3"]
[White "Le, Quang Liem"]
[Black "Ponomariov, Ruslan"]
[Result "1/2-1/2"]
[WhiteTitle "GM"]
[BlackTitle "GM"]
[WhiteElo "2704"]
[BlackElo "2675"]
[WhiteFideId "12401137"]
[BlackFideId "14103320"]
[EventDate "2019.05.14"]

1. c4 Nf6 2. Nc3 e5 3. Nf3 Nc6 4. e3 Be7 5. a3 d5 6. cxd5 Nxd5 7. Qc2 O-O 8. b4
Nxc3 9. dxc3 Be6 10. e4 f6 11. Be3 a5 12. b5 Nb8 13. c4 c6 14. c5 Qe8 15. Rb1
Nd7 16. bxc6 bxc6 17. Be2 f5 18. exf5 Bxf5 19. Bd3 Bxd3 20. Qxd3 Bxc5 21. Bxc5
Nxc5 22. Qc4+ Ne6 23. O-O Rf4 24. Qb3 a4 25. Qe3 Nc7 26. Rfc1 Nd5 27. Qxe5 Rf6
28. Rb7 Qxe5 29. Nxe5 Re8 30. Nd7 Rf7 31. g3 Rd8 32. Nc5 Rxb7 33. Nxb7 Rb8 34.
Nc5 Ra8 35. Rc4 Nb6 36. Rc2 h6 37. Kg2 Rd8 38. Ne4 Rd4 39. Rxc6 Nc4 40. Nc3 Nxa3
41. Ra6 Nc2 42. Nxa4 Ne1+ 43. Kf1 Nf3 44. h3 Rc4 45. Ke2 Ng1+ 46. Kd3 Rc1 47. h4
Rf1 48. Ra8+ Kf7 49. Ra7+ Kg8 50. Ke3 Re1+ 51. Kd3 Rf1 52. Ke3 Re1+ 53. Kd3 Rf1
54. Ke3 Re1+ 55. Kd3 1/2-1/2

[Event "IMSA World Masters Rapid"]
[Site "Hengshui CHN"]
[Date "2019.05.15"]
[Round "7.4"]
[White "Gelfand, Boris"]
[Black "Yu, Yangyi"]
[Result "1/2-1/2"]
[WhiteTitle "GM"]
[BlackTitle "GM"]
[WhiteElo "2676"]
[BlackElo "2739"]
[WhiteFideId "2805677"]
[BlackFideId "8603820"]
[EventDate "2019.05.14"]

1. c4 e5 2. Nc3 Nf6 3. Nf3 Nc6 4. e4 Bb4 5. d3 d6 6. a3 Bc5 7. b4 Bb6 8. Na4 Bg4
9. Nxb6 axb6 10. Bb2 Ne7 11. Be2 Ng6 12. g3 c5 13. Nd2 Qd7 14. Nf1 Bxe2 15. Qxe2
b5 16. Ne3 cxb4 17. O-O b3 18. cxb5 Qxb5 19. Nf5 O-O 20. Nxd6 Qd7 21. Nc4 Rad8
22. Rfd1 Rfe8 23. a4 h5 24. a5 h4 25. Ra3 Qh3 26. Ne3 hxg3 27. fxg3 Qe6 28. Nc4
Qc6 29. Rf1 Qb5 30. Raa1 Re6 31. Rf5 Rc8 32. Raf1 Rxc4 33. dxc4 Qxa5 34. R5f3
Rd6 35. Rd3 Qb4 36. Rxd6 Qxd6 37. Qe3 Qc6 38. Qxb3 Qxe4 39. Bc1 Nf8 40. Qe3 Qxc4
41. Qxe5 b5 42. Bb2 N8d7 43. Qc3 Qe4 44. Re1 Qd5 45. Qd4 Qb3 46. Bc3 Qc2 47. Qd2
Qb3 48. Qd4 Qc2 49. Ba1 Qf5 50. Rf1 Qe6 51. Rd1 Qa2 52. Qd2 Qa4 53. Rc1 Qa6 54.
Qc3 Qe6 55. Re1 Qa6 56. Qd3 Qb6+ 57. Qd4 Qc6 58. Rf1 Qe6 59. Bb2 Qe2 60. Qc3 Qe4
61. Rd1 Qe6 62. Qd3 Qb6+ 63. Bd4 Qc6 64. Rb1 Ng4 65. Re1 Ngf6 66. Qc3 Qd5 67.
Bxf6 Nxf6 68. Rf1 Qd7 69. Qf3 Qd4+ 70. Kh1 b4 71. h3 Qc4 72. Rd1 Qe6 73. g4 Nh7
74. h4 Nf8 75. h5 Nd7 76. Qd5 Qxg4 77. Qxd7 Qf3+ 78. Kg1 Qg3+ 79. Kf1 Qf3+ 80.
Ke1 Qe3+ 81. Kf1 Qf3+ 82. Kg1 Qg3+ 83. Kh1 Qf3+ 84. Kh2 Qf2+ 85. Kh3 Qf3+ 86.
Kh4 Qf2+ 87. Kg4 Qg2+ 88. Kh4 Qf2+ 89. Kh3 Qf3+ 1/2-1/2

[Event "IMSA World Masters Rapid"]
[Site "Hengshui CHN"]
[Date "2019.05.15"]
[Round "7.5"]
[White "Cheparinov, Ivan"]
[Black "Rapport, Richard"]
[Result "1/2-1/2"]
[WhiteTitle "GM"]
[BlackTitle "GM"]
[WhiteElo "2667"]
[BlackElo "2736"]
[WhiteFideId "2905540"]
[BlackFideId "738590"]
[EventDate "2019.05.14"]

1. d4 e6 2. c4 Nf6 3. Nf3 b6 4. g3 Bb7 5. Bg2 Be7 6. O-O O-O 7. Nc3 Na6 8. Bf4
Ne4 9. Rc1 d6 10. Qa4 Qe8 11. Qxe8 Rfxe8 12. Rfd1 Nxc3 13. Rxc3 Bf6 14. Be3 h6
15. Nd2 Bxg2 16. Kxg2 c6 17. Ne4 Be7 18. Bf4 Red8 19. Rcc1 Rac8 20. Nc3 Nc7 21.
Rc2 a6 22. Rdc1 Kf8 23. e4 c5 24. Be3 Bf6 25. e5 cxd4 26. Bxd4 Bxe5 27. Bxb6 Rd7
28. Na4 Ne8 29. c5 Rc6 30. cxd6 Rxc2 31. Rxc2 Bxd6 32. Rc6 Be7 33. Ba5 Ra7 34.
b4 Bd6 35. Nc5 Bxc5 36. bxc5 Ke7 37. Rc8 Rb7 38. Ra8 Rb5 39. Ra7+ Kf6 40. Bb6
Rb2 41. a4 Ke5 42. a5 Nf6 43. Rxf7 Rc2 44. Rxg7 Nd5 45. Rh7 Ne3+ 46. Kh3 Nf5 47.
f3 Rc3 48. Kg4 Rc4+ 49. f4+ Ke4 50. Rh8 Rc2 51. Re8 Kd5 52. Rd8+ Ke4 53. Re8 Kd5
54. Kh3 Nd4 55. Rd8+ Ke4 56. c6 Nf3 57. Kg4 Nxh2+ 58. Kh5 Rxc6 59. Kxh6 Nf1 60.
Kg5 Nxg3 61. Ra8 Ne2 62. Rxa6 Nxf4 63. Ra8 e5 64. Rg8 Nd5 65. Bd8 Rc8 66. Re8
Ra8 67. Rh8 Nf4 68. Bf6 Rxa5 69. Re8 Nd3 70. Bg7 Kf3 71. Bxe5 Nxe5 72. Rf8+ Ke4
73. Rf4+ Kd5 74. Rf1 Ra2 75. Rd1+ Ke6 76. Kf4 Ra4+ 77. Ke3 Ng4+ 78. Kf3 Kf5 79.
Rd8 Ra3+ 80. Ke2 Ke4 81. Re8+ Ne5 82. Kd2 Rd3+ 83. Ke2 Rd5 84. Re7 Ra5 85. Kd2
Kd4 86. Kc2 Rc5+ 87. Kd2 Rc8 88. Rh7 Nc4+ 89. Ke2 Nd6 90. Rd7 Rc6 91. Kd2 Ke5
92. Kd3 Ne4 93. Re7+ Re6 94. Rxe6+ Kxe6 95. Kxe4 1/2-1/2

[Event "IMSA World Masters Rapid"]
[Site "Hengshui CHN"]
[Date "2019.05.15"]
[Round "7.7"]
[White "Bu, Xiangzhi"]
[Black "Jones, Gawain C B"]
[Result "0-1"]
[WhiteTitle "GM"]
[BlackTitle "GM"]
[WhiteElo "2729"]
[BlackElo "2702"]
[WhiteFideId "8601445"]
[BlackFideId "409561"]
[EventDate "2019.05.14"]

1. Nf3 c5 2. c4 g6 3. e4 Nc6 4. d4 cxd4 5. Nxd4 Nf6 6. Nc3 d6 7. Be2 Nxd4 8.
Qxd4 Bg7 9. Be3 O-O 10. Qd2 Bd7 11. f3 Bc6 12. O-O a5 13. b3 Nd7 14. Rab1 Nc5
15. Rfd1 Qc7 16. Bf1 Rfc8 17. Kh1 Qb6 18. a3 Qc7 19. Nd5 Qd8 20. Bg5 Bxd5 21.
exd5 a4 22. b4 Nb3 23. Qe3 Bf6 24. Re1 Bxg5 25. Qxg5 e5 26. Qe3 Qh4 27. Rbd1 Nd4
28. Bd3 b6 29. Kg1 Ra7 30. f4 Re7 31. fxe5 Rxe5 32. Qf2 Nf3+ 33. gxf3 Rg5+ 34.
Kf1 Qh3+ 35. Ke2 Rg2 36. Rf1 Re8+ 37. Kd2 Qxf3 38. Qxg2 Qxg2+ 39. Kc3 Qa2 40.
Rb1 Re3 41. Rfd1 Qxh2 42. c5 dxc5 43. bxc5 bxc5 44. Kc4 Qd6 45. Rb5 Qf4+ 46.
Kxc5 Qf3 47. Kd4 Re8 48. Rbb1 Qf6+ 49. Kc4 Rc8+ 50. Kb5 Qc3 51. Rb4 Qxa3 0-1

[Event "IMSA World Masters Rapid"]
[Site "Hengshui CHN"]
[Date "2019.05.15"]
[Round "7.8"]
[White "Mamedov, Rauf"]
[Black "Leko, Peter"]
[Result "1-0"]
[WhiteTitle "GM"]
[BlackTitle "GM"]
[WhiteElo "2650"]
[BlackElo "2674"]
[WhiteFideId "13401653"]
[BlackFideId "703303"]
[EventDate "2019.05.14"]

1. e4 c5 2. Nf3 d6 3. Nc3 a6 4. g3 Nc6 5. Bg2 e6 6. O-O Be7 7. d4 cxd4 8. Nxd4
Bd7 9. Nb3 Nf6 10. g4 h6 11. f4 b5 12. a3 g5 13. e5 dxe5 14. fxg5 Qb6+ 15. Kh1
hxg5 16. Bxg5 Nh5 17. gxh5 Bxg5 18. Rxf7 Kxf7 19. Qxd7+ Ne7 20. Ne4 Bf4 21. Nd6+
Qxd6 22. Qxd6 Rad8 23. Qb6 Rb8 24. Qa7 Rbg8 25. Bf3 e4 26. Be2 e5 27. Rd1 1-0

[Event "IMSA World Masters Rapid"]
[Site "Hengshui CHN"]
[Date "2019.05.16"]
[Round "8.1"]
[White "Korobov, Anton"]
[Black "Andreikin, Dmitry"]
[Result "1-0"]
[WhiteTitle "GM"]
[BlackTitle "GM"]
[WhiteElo "2687"]
[BlackElo "2722"]
[WhiteFideId "14105730"]
[BlackFideId "4158814"]
[EventDate "2019.05.14"]

1. d4 Nf6 2. c4 e6 3. Nf3 b6 4. g3 Bb7 5. Bg2 Be7 6. O-O O-O 7. Re1 c6 8. e4 d5
9. exd5 cxd5 10. Ne5 Qc8 11. Nc3 dxc4 12. d5 Rd8 13. Bg5 exd5 14. Ng4 Nc6 15.
Bxf6 Bxf6 16. Nxf6+ gxf6 17. Nxd5 Qf5 18. Rc1 b5 19. b3 Kg7 20. bxc4 bxc4 21.
Be4 Qe6 22. Nf4 Qxe4 23. Qg4+ Qg6 24. Nxg6 hxg6 25. Rxc4 Ne5 26. Rxe5 fxe5 27.
h4 Rd3 28. Qe2 Rad8 29. Rc1 Kg8 30. Kh2 Rd2 31. Qe3 Rxa2 32. Rc7 Ba8 33. h5 Ra1
34. f3 Bd5 35. hxg6 fxg6 36. Qg5 Ra2+ 37. Kh3 Rd6 38. Qe7 Be6+ 39. g4 Bxg4+ 40.
Kxg4 1-0

[Event "IMSA World Masters Rapid"]
[Site "Hengshui CHN"]
[Date "2019.05.16"]
[Round "8.2"]
[White "Le, Quang Liem"]
[Black "Dominguez Perez, Leinier"]
[Result "1-0"]
[WhiteTitle "GM"]
[BlackTitle "GM"]
[WhiteElo "2704"]
[BlackElo "2750"]
[WhiteFideId "12401137"]
[BlackFideId "3503240"]
[EventDate "2019.05.14"]

1. Nf3 d5 2. e3 Nf6 3. c4 e6 4. b3 Be7 5. Bb2 O-O 6. Nc3 c5 7. cxd5 Nxd5 8. h4
b6 9. Qc2 Nb4 10. Qe4 N8c6 11. a3 f5 12. Qb1 Nd5 13. Nxd5 exd5 14. d4 Bf6 15.
Bb5 Ne7 16. dxc5 bxc5 17. O-O Qd6 18. Bxf6 Rxf6 19. Rd1 Rb8 20. Be2 Ba6 21. Bxa6
Qxa6 22. Qc2 Rc6 23. g3 Qb6 24. Rd3 a5 25. Qd1 Rd8 26. Ra2 a4 27. b4 c4 28. Rc3
Qa6 29. b5 Qxb5 30. Nd4 Qa5 31. Nxc6 Nxc6 32. Rc1 Rb8 33. Qf3 Ne7 34. Qf4 Rb3
35. Qe5 Kf7 36. Rd1 Qb6 37. Rad2 Rb1 38. Kg2 Rxd1 39. Rxd1 Qb3 40. Qa1 h6 41.
Kg1 g5 42. Rb1 Qd3 43. hxg5 hxg5 44. Rb7 Qe4 45. Rb6 Ke8 46. Qh8+ Kd7 47. Rb7+
Kc6 48. Qb8 Kc5 49. Rb5+ Kc6 50. Rb6+ Kc5 51. Qd6# 1-0

[Event "IMSA World Masters Rapid"]
[Site "Hengshui CHN"]
[Date "2019.05.16"]
[Round "8.3"]
[White "Ponomariov, Ruslan"]
[Black "Vidit, Santosh Gujrathi"]
[Result "1/2-1/2"]
[WhiteTitle "GM"]
[BlackTitle "GM"]
[WhiteElo "2675"]
[BlackElo "2707"]
[WhiteFideId "14103320"]
[BlackFideId "5029465"]
[EventDate "2019.05.14"]

1. e4 e5 2. Nf3 Nf6 3. Nxe5 d6 4. Nf3 Nxe4 5. d4 d5 6. Bd3 Bf5 7. O-O Be7 8. Nc3
O-O 9. Re1 Nxc3 10. bxc3 Bxd3 11. Qxd3 Nd7 12. Bf4 Re8 13. h4 h6 14. c4 dxc4 15.
Qxc4 c5 16. Ne5 Nxe5 17. dxe5 Qd4 18. Qxd4 cxd4 19. Re4 Red8 20. Rd1 Bc5 21. e6
fxe6 22. Rxe6 Rac8 23. Rd3 Re8 24. Rxe8+ Rxe8 25. Kf1 Bb6 26. c3 Ba5 27. Bd2
dxc3 28. Bxc3 Bxc3 29. Rxc3 Re4 30. Ra3 Rxh4 31. Rxa7 Rb4 32. a4 Rb2 33. a5 Kh7
34. a6 bxa6 35. Rxa6 h5 36. g3 Rb4 37. Kg2 h4 38. gxh4 Rxh4 39. Kg3 Rh6 40.
Rxh6+ Kxh6 41. Kg4 Kg6 42. f4 Kf6 43. f5 g6 44. fxg6 Kxg6 1/2-1/2

[Event "IMSA World Masters Rapid"]
[Site "Hengshui CHN"]
[Date "2019.05.16"]
[Round "8.4"]
[White "Jones, Gawain C B"]
[Black "Fedoseev, Vladimir3"]
[Result "1/2-1/2"]
[WhiteTitle "GM"]
[BlackTitle "GM"]
[WhiteElo "2702"]
[BlackElo "2683"]
[WhiteFideId "409561"]
[BlackFideId "24130737"]
[EventDate "2019.05.14"]

1. e4 c5 2. Nf3 d6 3. Bb5+ Nd7 4. d4 cxd4 5. Qxd4 a6 6. Bxd7+ Bxd7 7. Nc3 h6 8.
e5 dxe5 9. Nxe5 Nf6 10. Bf4 Bb5 11. O-O-O Qxd4 12. Rxd4 e6 13. Rhd1 Bc5 14. Nxb5
axb5 15. Rd8+ Rxd8 16. Rxd8+ Kxd8 17. Nxf7+ Ke8 18. Nxh8 g5 19. Be5 Ng4 20. Bg7
Nxh2 21. f3 Nf1 22. Bxh6 Bd4 23. Ng6 Kf7 24. Nf8 Ng3 25. Kd1 Nf5 26. Nxe6 Kxe6
27. Bxg5 Bxb2 28. Ke2 Nd4+ 29. Kd3 Nc6 30. Bd2 Kd5 31. f4 Ba3 32. g4 Bd6 33. c3
Na5 34. g5 Nc4 35. Bc1 Bc5 36. f5 Ne5+ 37. Kc2 Ke4 38. f6 Kf5 39. Kb3 Nc4 40. a4
Na5+ 41. Ka2 Kg6 42. axb5 b6 43. Kb2 Nc4+ 44. Kb3 Nd6 45. Bf4 Ne4 46. Kc4 Nxg5
47. Be5 Nf7 48. Bd4 Bxd4 49. Kxd4 Kxf6 50. c4 Nd8 51. Kd5 Ke7 52. c5 bxc5 1/2-1/2

[Event "IMSA World Masters Rapid"]
[Site "Hengshui CHN"]
[Date "2019.05.16"]
[Round "8.6"]
[White "Rapport, Richard"]
[Black "Bu, Xiangzhi"]
[Result "1/2-1/2"]
[WhiteTitle "GM"]
[BlackTitle "GM"]
[WhiteElo "2736"]
[BlackElo "2729"]
[WhiteFideId "738590"]
[BlackFideId "8601445"]
[EventDate "2019.05.14"]

1. e4 e5 2. f4 d5 3. exd5 e4 4. Nc3 Nf6 5. d3 Bb4 6. Bd2 e3 7. Bxe3 O-O 8. Be2
Nxd5 9. Bd2 Bxc3 10. bxc3 Qf6 11. c4 Nxf4 12. Bxf4 Qxf4 13. Nf3 Nc6 14. Qd2 Qd6
15. d4 Bg4 16. c5 Qd7 17. c3 Bxf3 18. Bxf3 Rae8+ 19. Kf2 b6 20. cxb6 axb6 21.
Rhe1 Ne5 22. Be2 Ng4+ 23. Kg1 Nf6 24. Bf3 Rxe1+ 25. Rxe1 Re8 26. Rxe8+ Nxe8 27.
c4 Nd6 28. c5 Nf5 29. cxb6 cxb6 30. d5 Qc7 31. g3 g6 32. Kg2 Qc5 33. Qf4 Nd6 34.
g4 b5 35. Qf6 Qc2+ 36. Kh3 Qc7 37. Qf4 Qe7 38. Kg2 Kg7 39. a4 bxa4 40. Qxa4 Qe5
41. Qc2 Qd4 42. Qd1 Qxd1 43. Bxd1 Kf6 44. Kf3 Ke5 45. Bb3 f6 46. Ke3 Nc8 47. h4
Ne7 48. d6 Kxd6 49. Ke4 Nc6 50. Bg8 h6 51. Bb3 Ke7 52. Ba4 Ne5 53. g5 Nf7 54.
gxf6+ Kxf6 55. Kf4 Nd6 56. Kg4 Ne4 57. Bc2 Nc5 58. Kf4 Ne6+ 59. Kg4 Nd4 60. Bd3
h5+ 61. Kh3 Nf5 62. Bb5 Nd6 63. Bd3 Nf5 64. Bb5 Ke5 65. Be8 Ne7 66. Kg3 Ke4 67.
Bf7 Kf5 68. Be8 Nd5 69. Bd7+ Ke5 70. Be8 Ne7 71. Bf7 Kf6 72. Bb3 Nf5+ 73. Kh3
Nd4 74. Bc4 Ke5 75. Bf7 Ne2 76. Be8 Kf5 77. Kh2 Nc3 78. Bd7+ Ke5 79. Be8 Kf6 80.
Kh3 Ne4 81. Ba4 Kf5 82. Bd7+ Ke5 83. Be8 Kf6 84. Ba4 Nc3 85. Bc2 Nd5 86. Kg3 Ne7
87. Ba4 Ke5 88. Be8 Ke4 89. Bf7 Ke5 90. Be8 Ke4 91. Bf7 Ke5 92. Be8 1/2-1/2

[Event "IMSA World Masters Rapid"]
[Site "Hengshui CHN"]
[Date "2019.05.16"]
[Round "8.8"]
[White "Leko, Peter"]
[Black "Gelfand, Boris"]
[Result "1/2-1/2"]
[WhiteTitle "GM"]
[BlackTitle "GM"]
[WhiteElo "2674"]
[BlackElo "2676"]
[WhiteFideId "703303"]
[BlackFideId "2805677"]
[EventDate "2019.05.14"]

1. e4 c5 2. Nf3 Nc6 3. Bb5 e6 4. O-O Nge7 5. d4 cxd4 6. Nxd4 Ng6 7. Be2 Be7 8.
c4 Nxd4 9. Qxd4 O-O 10. Nc3 b6 11. Be3 Bb7 12. Rfd1 Bc6 13. Rac1 f5 14. exf5 Nh4
15. fxe6 Nxg2 16. Nd5 Nxe3 17. Nxe7+ Qxe7 18. Qxe3 dxe6 19. c5 bxc5 20. Rxc5 Bb7
21. Re5 Qf6 22. Rxe6 Qxb2 23. Qb3 Qxb3 24. axb3 Bf3 25. Rd7 Bxe2 26. Rxe2 Rf7
27. Ree7 Rxe7 28. Rxe7 Rb8 29. Rxa7 Rxb3 30. Kg2 h6 31. Rc7 Kh7 32. Ra7 Kg6 33.
Rc7 Kh7 34. Ra7 Kg6 35. Rc7 Kh7 36. Ra7 1/2-1/2

[Event "IMSA World Masters Rapid"]
[Site "Hengshui CHN"]
[Date "2019.05.16"]
[Round "9.1"]
[White "Gelfand, Boris"]
[Black "Korobov, Anton"]
[Result "1/2-1/2"]
[WhiteTitle "GM"]
[BlackTitle "GM"]
[WhiteElo "2676"]
[BlackElo "2687"]
[WhiteFideId "2805677"]
[BlackFideId "14105730"]
[EventDate "2019.05.14"]

1. d4 d5 2. c4 c6 3. Nf3 Nf6 4. e3 Bf5 5. Nc3 e6 6. Nh4 Bg6 7. Be2 Nbd7 8. O-O
Bd6 9. g3 dxc4 10. Nxg6 hxg6 11. Bxc4 Qe7 12. Bd2 Rd8 13. Be2 e5 14. Bf3 e4 15.
Bg2 O-O 16. f3 exf3 17. Qxf3 Bc7 18. Rad1 Bb6 19. Kh1 Rfe8 20. a3 Nf8 21. b4 Ne6
22. Ne4 Nd5 23. g4 Bc7 24. Qh3 Nf6 25. Nc5 Nxc5 26. bxc5 Ne4 27. Bxe4 Qxe4+ 28.
Qf3 Qe6 29. Rde1 Rd5 30. Qg2 b6 31. cxb6 axb6 32. Rf2 Bd6 33. Ref1 f6 34. Bc1 b5
35. h3 c5 36. dxc5 Bxc5 37. Rc2 Re5 38. Bb2 Rd5 39. Bc1 Kh7 40. e4 Qxe4 41. Qxe4
Rxe4 42. Kg2 f5 43. gxf5 gxf5 44. Rf3 Bd6 45. Rb3 f4 46. Kf3 Re1 47. Rd2 Rxd2
48. Bxd2 Ra1 49. Rxb5 Rxa3+ 50. Ke4 Rxh3 51. Rd5 Bb8 52. Rb5 Bc7 53. Rb7 Bd6 54.
Rd7 f3 55. Be3 Rh4+ 56. Kxf3 Be5 57. Re7 Bf6 58. Re4 Rxe4 59. Kxe4 g5 60. Bxg5 1/2-1/2

[Event "IMSA World Masters Rapid"]
[Site "Hengshui CHN"]
[Date "2019.05.16"]
[Round "9.2"]
[White "Jones, Gawain C B"]
[Black "Le, Quang Liem"]
[Result "0-1"]
[WhiteTitle "GM"]
[BlackTitle "GM"]
[WhiteElo "2702"]
[BlackElo "2704"]
[WhiteFideId "409561"]
[BlackFideId "12401137"]
[EventDate "2019.05.14"]

1. e4 c5 2. Nf3 Nc6 3. Bb5 g6 4. O-O Bg7 5. Re1 e5 6. Bxc6 dxc6 7. a4 Nh6 8. d3
Qe7 9. h3 O-O 10. Be3 f6 11. c3 Nf7 12. d4 cxd4 13. cxd4 exd4 14. Bxd4 c5 15.
Bc3 b6 16. Qe2 Bb7 17. Nbd2 Rfe8 18. a5 Bc6 19. b3 b5 20. Rac1 Rac8 21. Bb2 a6
22. Qe3 Bb7 23. Qf4 Rcd8 24. Rc2 Rd3 25. h4 Nd8 26. h5 g5 27. Qf5 Nf7 28. e5 Rd5
29. Rcc1 fxe5 30. Qg4 Nh6 31. Qg3 g4 32. Ne4 gxf3 33. gxf3 Rd3 34. Nxc5 Rxf3 35.
Qg2 Rxb3 36. Nxb7 Rxb2 37. Nc5 Kh8 38. Nxa6 Rg8 39. Rc7 Qh4 40. Rec1 Bf8 0-1

[Event "IMSA World Masters Rapid"]
[Site "Hengshui CHN"]
[Date "2019.05.16"]
[Round "9.3"]
[White "Fedoseev, Vladimir3"]
[Black "Yu, Yangyi"]
[Result "1/2-1/2"]
[WhiteTitle "GM"]
[BlackTitle "GM"]
[WhiteElo "2683"]
[BlackElo "2739"]
[WhiteFideId "24130737"]
[BlackFideId "8603820"]
[EventDate "2019.05.14"]

1. Nf3 Nf6 2. g3 d5 3. Bg2 e6 4. O-O Be7 5. d4 O-O 6. c4 dxc4 7. Qc2 a6 8. a4
Bd7 9. Qxc4 Bc6 10. Bf4 Bd6 11. Qc1 Nbd7 12. Nc3 Qe7 13. a5 Bxf3 14. Bxf3 Bxf4
15. Qxf4 c6 16. Qd2 Rad8 17. Qc2 e5 18. d5 e4 19. Nxe4 Nxd5 20. Ra3 N5f6 21. Re3
g6 22. Nxf6+ Qxf6 23. Rb3 Rb8 24. Bg4 Rfd8 25. Rd1 Ne5 26. Bh3 Qe7 27. Rxd8+
Rxd8 28. Kg2 Rd4 29. e3 Rd5 30. Qc3 Nd3 31. Bg4 Nc5 32. Rb4 Ne4 33. Qc4 Nd6 34.
Qf4 Rxa5 35. Rd4 Rd5 36. Rxd5 cxd5 37. Bf3 Ne4 38. h4 h5 39. Bd1 Qf6 40. Qxf6
Nxf6 41. Kf3 Kf8 42. Kf4 Ke7 43. f3 Ke6 44. b4 b6 45. Bb3 a5 46. bxa5 bxa5 47.
e4 Ke7 48. e5 Nd7 49. Bxd5 a4 50. Ke4 f6 51. f4 fxe5 52. fxe5 Nc5+ 53. Kd4 Ne6+
54. Ke4 a3 55. Ba2 Ng7 56. Kf4 Ne6+ 57. Ke4 Nc5+ 58. Kd4 Ne6+ 59. Ke4 Kd7 60.
Ke3 Nc5 61. Kd4 Ne6+ 62. Ke3 Nd8 63. Kf4 Ne6+ 1/2-1/2

[Event "IMSA World Masters Rapid"]
[Site "Hengshui CHN"]
[Date "2019.05.16"]
[Round "9.4"]
[White "Dominguez Perez, Leinier"]
[Black "Ponomariov, Ruslan"]
[Result "1-0"]
[WhiteTitle "GM"]
[BlackTitle "GM"]
[WhiteElo "2750"]
[BlackElo "2675"]
[WhiteFideId "3503240"]
[BlackFideId "14103320"]
[EventDate "2019.05.14"]

1. e4 e6 2. d4 d5 3. Nc3 Nf6 4. e5 Nfd7 5. f4 c5 6. Nf3 Nc6 7. Be3 a6 8. Qd2 Be7
9. Be2 b5 10. a3 O-O 11. O-O Bb7 12. Rad1 Rc8 13. dxc5 Nxc5 14. Nd4 Qc7 15. Nxc6
Qxc6 16. Bd4 Ne4 17. Nxe4 dxe4 18. Qe3 Qxc2 19. Rc1 Qa4 20. b4 Bd5 21. Rxc8 Rxc8
22. Bd1 Rc2 23. Bxc2 Qxc2 24. Rc1 Qd3 25. Rc8+ Bf8 26. Qxd3 exd3 27. Bc5 1-0

[Event "IMSA World Masters Rapid"]
[Site "Hengshui CHN"]
[Date "2019.05.16"]
[Round "9.5"]
[White "Vidit, Santosh Gujrathi"]
[Black "Bu, Xiangzhi"]
[Result "1/2-1/2"]
[WhiteTitle "GM"]
[BlackTitle "GM"]
[WhiteElo "2707"]
[BlackElo "2729"]
[WhiteFideId "5029465"]
[BlackFideId "8601445"]
[EventDate "2019.05.14"]

1. d4 d5 2. c4 c6 3. Nf3 Nf6 4. Nc3 e6 5. e3 a6 6. b3 Bb4 7. Bd2 Nbd7 8. Bd3 O-O
9. O-O Bd6 10. Rc1 e5 11. cxd5 cxd5 12. e4 dxe4 13. Nxe4 Nxe4 14. Bxe4 Nf6 15.
dxe5 Nxe4 16. exd6 Qxd6 17. Be3 Bg4 18. Qxd6 Nxd6 19. Ne5 Be6 20. Rfd1 Rfd8 21.
Bb6 Rdc8 22. Nd3 Rxc1 23. Rxc1 Rc8 24. Rxc8+ Nxc8 25. Be3 f6 26. f3 Kf7 27. Kf2
Ne7 28. Bd2 Nd5 29. Nf4 Nxf4 30. Bxf4 Ke7 31. Ke3 Kd7 32. Kd4 Kc6 33. Bd2 Bf5
34. a4 Bc2 35. Kc4 b5+ 36. axb5+ axb5+ 37. Kc3 Bd1 38. b4 Kd5 39. Kd3 Bb3 40.
Bf4 Bc4+ 41. Ke3 Ke6 42. Kf2 Kf7 43. Bd6 Ke6 44. Bf8 Kf7 45. Bd6 Ke6 46. Bf8 Kf7 1/2-1/2

[Event "IMSA World Masters Rapid"]
[Site "Hengshui CHN"]
[Date "2019.05.16"]
[Round "9.7"]
[White "Leko, Peter"]
[Black "Cheparinov, Ivan"]
[Result "1/2-1/2"]
[WhiteTitle "GM"]
[BlackTitle "GM"]
[WhiteElo "2674"]
[BlackElo "2667"]
[WhiteFideId "703303"]
[BlackFideId "2905540"]
[EventDate "2019.05.14"]

1. e4 c5 2. Nf3 d6 3. Bb5+ Nd7 4. d4 cxd4 5. Qxd4 a6 6. Bxd7+ Bxd7 7. O-O e5 8.
Qd3 Rc8 9. Nc3 h6 10. Nd2 Qc7 11. Rd1 Nf6 12. Nf1 Be7 13. Ne3 Be6 14. Bd2 O-O
15. a4 Rfd8 16. Be1 g6 17. a5 Bc4 18. Nxc4 Qxc4 19. f3 d5 20. exd5 Bc5+ 21. Kh1
Bd4 22. h3 Rd7 23. Ra3 Qxd3 24. Rxd3 Rc5 25. b4 Bxc3 26. Raxc3 Rxc3 27. Bxc3
Rxd5 28. Rxd5 Nxd5 29. Bd2 h5 30. Kg1 f6 31. Kf2 Kf7 32. g4 hxg4 33. hxg4 Ke6
34. c4 Nc7 35. Ke3 Ne8 36. Kd3 Nd6 37. Be3 f5 38. gxf5+ gxf5 39. Bc5 Ne8 40. Be3
Nd6 41. Bc5 Ne8 42. Be3 Nd6 43. Bc5 1/2-1/2

[Event "IMSA World Masters Rapid"]
[Site "Hengshui CHN"]
[Date "2019.05.16"]
[Round "9.8"]
[White "Mamedov, Rauf"]
[Black "Andreikin, Dmitry"]
[Result "1/2-1/2"]
[WhiteTitle "GM"]
[BlackTitle "GM"]
[WhiteElo "2650"]
[BlackElo "2722"]
[WhiteFideId "13401653"]
[BlackFideId "4158814"]
[EventDate "2019.05.14"]

1. e4 c6 2. d4 d5 3. e5 c5 4. dxc5 e6 5. a3 Bxc5 6. Nf3 Ne7 7. Bd3 Ng6 8. O-O
Qc7 9. b4 Be7 10. Bb2 a5 11. Nc3 O-O 12. Nb5 Qd8 13. bxa5 Nc6 14. Qd2 Nxa5 15.
a4 Bd7 16. Rfd1 Bc6 17. Qe3 Qb8 18. Nd6 Nc4 19. Bxc4 dxc4 20. a5 Qc7 21. Bc3
Rfd8 22. Bd4 Bxd6 23. Bb6 Bc5 24. Qxc5 Rxd1+ 25. Rxd1 Qe7 26. Qxe7 Nxe7 27. Nd4
Bd5 28. Nb5 Bc6 29. Nd4 Be8 30. f4 h5 31. f5 exf5 32. e6 f4 33. exf7+ Kxf7 34.
Nf3 Nc6 35. Rd5 Ke6 36. Rc5 Bg6 37. Rxc4 Nxa5 38. Rxf4 Nc6 39. c3 Ra2 40. h3 Bd3
41. Nd4+ Nxd4 42. Bxd4 g6 43. Rf2 Rxf2 44. Kxf2 Be4 45. Bb6 Bc6 46. h4 Kf5 47.
g3 g5 48. hxg5 Kxg5 49. Be3+ Kg4 50. Bd4 h4 51. gxh4 Kxh4 52. c4 b5 53. cxb5
Bxb5 1/2-1/2

[Event "IMSA World Masters Rapid"]
[Site "Hengshui CHN"]
[Date "2019.05.16"]
[Round "10.1"]
[White "Rapport, Richard"]
[Black "Korobov, Anton"]
[Result "0-1"]
[WhiteTitle "GM"]
[BlackTitle "GM"]
[WhiteElo "2736"]
[BlackElo "2687"]
[WhiteFideId "738590"]
[BlackFideId "14105730"]
[EventDate "2019.05.14"]

1. e4 c5 2. Na3 Nc6 3. Bb5 Qc7 4. d3 Nf6 5. f4 a6 6. Bxc6 Qxc6 7. Nc4 d5 8. Ne5
Qc7 9. Ngf3 h6 10. O-O e6 11. Qe1 Be7 12. f5 dxe4 13. dxe4 O-O 14. Bf4 Bd6 15.
Rd1 exf5 16. Rxd6 Qxd6 17. Ng6 Qd8 18. Nxf8 Qxf8 19. exf5 Bxf5 20. Bxh6 Re8 21.
Qh4 Bxc2 22. Qxf6 gxf6 23. Bxf8 Kxf8 24. Kf2 c4 25. Re1 Rd8 26. Rc1 Bd3 27. Ne1
Bg6 28. Nf3 b5 29. b3 cxb3 30. axb3 a5 31. Ra1 Rd3 32. Rxa5 Rxb3 33. Nd4 Rb2+
34. Ke3 b4 35. Rb5 Rxg2 36. Rxb4 Rxh2 37. Ne2 Rh3+ 38. Kf2 Kg7 39. Nf4 Ra3 40.
Rb6 Ra5 41. Kf3 Re5 42. Rd6 Bc2 43. Kg3 Bb3 44. Rd2 Be6 45. Rf2 Rg5+ 46. Kf3
Bg4+ 47. Ke3 Re5+ 48. Kd4 Re8 49. Nd5 f5 50. Ra2 Bf3 51. Nc3 Kf6 52. Ra6+ Re6
53. Ra7 f4 54. Kd3 Rd6+ 55. Kc4 Bg2 56. Ra2 Bb7 57. Ra7 Rd7 58. Ra1 f3 59. Nd1
Rxd1 60. Rxd1 Ba6+ 61. Kd4 f2 0-1